Секретная Антарктида, или Русская разведка на Южном Полюсе (Запись № 60342)

Подробности
000 -МАРКЕР
контрольное поле 02068nam0a2200457 4500
001 - ИДЕНТИФИКАТОР ЗАПИСИ
контрольное поле RU\NLR\bibl\1221701
005 - ИДЕНТИФИКАТОР ВЕРСИИ
контрольное поле 20260408202627.0
010 ## - МЕЖДУНАРОДНЫЙ СТАНДАРТНЫЙ НОМЕР КНИГИ (ISBN)
Номер (ISBN) 978-5-9265-0515-0
Тираж 4000
021 ## - НОМЕР ГОСУДАРСТВЕННОЙ РЕГИСТРАЦИИ
Код страны Российская Федерация
Номер 2008-18145
Номер Листа государственной регистраци 990
035 ## - ДРУГИЕ СИСТЕМНЫЕ НОМЕРА
Идентификатор записи (NLR Aleph) 001208047
035 ## - ДРУГИЕ СИСТЕМНЫЕ НОМЕРА
Идентификатор записи (nilc)EL/0000172702
100 ## - ДАННЫЕ ОБЩЕЙ ОБРАБОТКИ
Данные общей обработки 20080208d2008 u y0rusy50 ca
101 0# - ЯЗЫК РЕСУРСА
Язык текста, звукозаписи и т.д. русский
102 ## - СТРАНА ПУБЛИКАЦИИ ИЛИ ПРОИЗВОДСТВА
Страна публикации Российская Федерация
105 ## - ПОЛЕ КОДИРОВАННЫХ ДАННЫХ: ТЕКСТОВЫЕ МАТЕРИАЛЫ, МОНОГРАФИЧЕСКИЕ
Кодированные данные о монографическом текстовом документе y |||||||||
200 1# - ЗАГЛАВИЕ И СВЕДЕНИЯ ОБ ОТВЕТСТВЕННОСТИ
Основное заглавие Секретная Антарктида, или Русская разведка на Южном Полюсе
Первые сведения об ответственности Ольга Грейгъ
210 ## - ПУБЛИКАЦИЯ, РАСПРОСТРАНЕНИЕ И ДР.
Место издания, распространения и т.д. Москва
Имя издателя, распространителя и т. д. Алгоритм
Дата издания, распространения и т.д. 2008
215 ## - ФИЗИЧЕСКАЯ ХАРАКТЕРИСТИКА
Специфическое обозначение материала и объем 286, [1] с.
Размеры 21
225 1# - СЕРИЯ
Основное заглавие серии Исторический триллер
517 0# - ДРУГИЕ ВАРИАНТЫ ЗАГЛАВИЯ
Вариант заглавия Русская разведка на Южном Полюсе
Язык заглавия русский
606 1# - НАИМЕНОВАНИЕ ТЕМЫ КАК ПРЕДМЕТ
Наименование темы Военные базы немецкие
Географический подзаголовок Антарктида
Хронологический подзаголовок 1933 - 1945
Системный номер авторитетной/нормативной записи 2475264
Идентификатор авторитетной/нормативной записи RU\NLR\auth\661469801
606 1# - НАИМЕНОВАНИЕ ТЕМЫ КАК ПРЕДМЕТ
Наименование темы Военные базы советские
Географический подзаголовок Антарктида
Хронологический подзаголовок 1930 - 1940-ые гг.
Системный номер авторитетной/нормативной записи 2549271
Идентификатор авторитетной/нормативной записи RU\NLR\auth\661508617
606 ## - НАИМЕНОВАНИЕ ТЕМЫ КАК ПРЕДМЕТ
Наименование темы Разведка (воен.) советская
Тематический подзаголовок История
Хронологический подзаголовок 1930 - 1940-ые гг.
Идентификатор авторитетной/нормативной записи RU\NLR\auth\661508619
Системный номер авторитетной/нормативной записи 2549275
607 ## - ГЕОГРАФИЧЕСКОЕ НАИМЕНОВАНИЕ КАК ПРЕДМЕТ
Географическое наименование СССР
Тематический подзаголовок Военно-техническое сотрудничество
Географический подзаголовок Германия
Хронологический подзаголовок 1930 - 1940-ые гг.
Системный номер авторитетной/нормативной записи 2549277
Идентификатор авторитетной/нормативной записи RU\NLR\auth\661508620
607 ## - ГЕОГРАФИЧЕСКОЕ НАИМЕНОВАНИЕ КАК ПРЕДМЕТ
Географическое наименование Германия
Тематический подзаголовок Военно-техническое сотрудничество
Географический подзаголовок СССР
Хронологический подзаголовок 1930 - 1940-ые гг.
Системный номер авторитетной/нормативной записи 2549278
Идентификатор авторитетной/нормативной записи RU\NLR\auth\661508621
686 ## - ИНДЕКСЫ ДРУГИХ КЛАССИФИКАЦИЙ
Индекс 67.401.212
Издание LBC/PL
Код системы
686 ## - ИНДЕКСЫ ДРУГИХ КЛАССИФИКАЦИЙ
Индекс Ц8(4Г)34
686 ## - ИНДЕКСЫ ДРУГИХ КЛАССИФИКАЦИЙ
Индекс Ц8(2)34
686 ## - ИНДЕКСЫ ДРУГИХ КЛАССИФИКАЦИЙ
Индекс Ц68,6(2)-1
686 ## - ИНДЕКСЫ ДРУГИХ КЛАССИФИКАЦИЙ
Индекс Ц8(2)2г
686 ## - ИНДЕКСЫ ДРУГИХ КЛАССИФИКАЦИЙ
Индекс Ц8(4Г)2г
700 #1 - ИМЯ ЛИЦА - ПЕРВИЧНАЯ ОТВЕТСТВЕННОСТЬ
Код отношения Автор
Материалы, к которым относится поле rus
Графика поля Кириллица
Начальный элемент ввода Грейгъ
Часть имени, кроме начального элемента ввода О. И.
Даты 1963-
Расширение инициалов личного имени Ольга Ивановна
Идентификатор авторитетной/нормативной записи RU\NLR\AUTH\77101792
Системный номер авторитетной/нормативной записи 84718
801 #0 - ИСТОЧНИК ЗАПИСИ
Страна Российская Федерация
Организация ЦУНБ Москва
Дата составления 20080208
Правила каталогизации rcr
801 #1 - ИСТОЧНИК ЗАПИСИ
Страна Российская Федерация
Организация ЦУНБ Москва
Дата составления 20080208
Источник данных rusmarc
801 #2 - ИСТОЧНИК ЗАПИСИ
Страна Российская Федерация
Организация NLR
Дата составления 20080430
Правила каталогизации rcr
830 ## - ОБЩЕЕ ПРИМЕЧАНИЕ, СОСТАВЛЕННОЕ КАТАЛОГИЗАТОРОМ
Текст примечания авт. по кн.
942 ## - ДОПОЛНИТЕЛЬНЫЕ ЭЛЕМЕНТЫ ЗАПИСИ (АБИС)
Тип экземпляра АБИС Книга
980 ## - КОЛЛЕКЦИЯ
Название коллекции Национальная библиография
Экземпляры
Тип экземпляра Дата поступления Источник поступления Библиотека постоянного хранения Библиотека текущего хранения Место хранения Шифр хранения Штрих-код Статус экземпляра
Книга 30.04.2008 Обязательный экземпляр РНБ (Московский) РНБ (Московский) Русский книжный фонд: издания с 1957 года 2008-3/12707 2663480  
Книга 30.04.2008 Обязательный экземпляр РНБ (Московский) РНБ (Московский) Русский книжный фонд: издания с 1957 года 2008-3/12707 2663482